Normal view
MARC view
- Sponsoring DS: Dr. Hamid Jabbar Dr. Umar Shahbaz Khan Dr. Waqar Shahid Qureshi
Entry Corporate Name
001 - CONTROL NUMBER
- control field: 85455
003 - CONTROL NUMBER IDENTIFIER
- control field: NUST
005 - DATE AND TIME OF LATEST TRANSACTION
- control field: 20211202154838.0
008 - FIXED-LENGTH DATA ELEMENTS
- fixed length control field: 211202|| aca||aabn | a|a d
040 ## - CATALOGING SOURCE
- Original cataloging agency: NUST
- Transcribing agency: NUST
110 ## - HEADING--CORPORATE NAME
- Corporate name or jurisdiction name as entry element: Sponsoring DS: Dr. Hamid Jabbar Dr. Umar Shahbaz Khan Dr. Waqar Shahid Qureshi
670 ## - SOURCE DATA FOUND
- Source citation: Work cat.: (NUST): Ali Raza Tazah Gul Sajal Salahuddin Muhammad Sheeraz Ali 85454, PR-SOF-2012-Football Sphericity Measurement Machine, 2021.
